| 000 | 00512nam a2200181 u 4500 | ||
|---|---|---|---|
| 005 | 20230316063556.0 | ||
| 008 | 080724s2006 ea r 000 0 spa d | ||
| 020 | _a0439861195 | ||
| 035 | _aUPN01000158062 | ||
| 049 | _aI | ||
| 050 | 4 |
_aPZ7 _bT4.2 |
|
| 100 | 1 |
_aThaler, Mike, _d1936- _930391 |
|
| 245 | 1 | 3 |
_aLa bibliotecaria del pantano negro / _cMike Thaler ; il. Jared Lee. |
| 260 |
_aNew York : _bScholastic, _c2006. |
||
| 300 | _a[31] p. | ||
| 650 | 4 |
_aCuentos infantiles ingleses _910002 |
|
| 905 | _aLibro | ||
| 999 |
_c130176 _d130176 |
||